000 005640000a22001810004500
003 MACL
005 20160527165134.0
008 160527b xxu||||| |||| 00| 0 eng d
040 _aMACL
_cMACL
041 _aHindi
082 _a891.433
100 _aप्रीतम, अमृता
_938570
245 _aजेबकतरें
_cअमृता प्रीतम
260 _bहिन्‍द्र पॉकेंट बुक्‍स
_c1997
_aदिल्‍ली
350 _a75
650 _aNovel
_960381
942 _cHIN
_k891.433/PRE/N
_2ddc
999 _c29707
_d29707